| 000 | 00641 a2200181 4500 | ||
|---|---|---|---|
| 003 | Nust | ||
| 005 | 20170207153214.0 | ||
| 040 | _cNust | ||
| 082 | _a621.382 | ||
| 100 | _aShahzad, Khurram (MSEE-11) | ||
| 245 |
_aReference signal generation for blind adaptive filters / equalizers _cKhurram Shahzad |
||
| 260 |
_bMCS,NUST _c2007 _aRawalpindi |
||
| 300 | _ax, 77,p.; | ||
| 505 | _aIntroduction (page-1) Adaptive digital filters (page-5) Equalization (page-18) Blind adaptive equation (page-33) Speeding up the convergence rate (page-59) Conclusion (page-69). | ||
| 538 | _aAlmirah No 69 Shelf No 2 | ||
| 650 | _aMS Thesis | ||
| 651 | _aMSEE-11 | ||
| 942 | _cTHS | ||
| 999 |
_c181518 _d181518 |
||